[Event "TCh-BIH Prem"]
[Site "Neum BIH"]
[Date "2005.06.08"]
[Round "5"]
[White "Savanovic,A"]
[Black "Ribic,K"]
[Result "1-0"]
[WhiteElo "2413"]
[BlackElo "2295"]

1.Nf3 d5 2.c4 c6 3.b3 Bg4 4.g3 Bxf3 5.exf3 e6 6.Bb2 Nf6 7.Bg2 Be7 8.O-O O-O
9.f4 Qb6 10.d3 Nbd7 11.Qe2 Rfe8 12.Nd2 a5 13.Rab1 a4 14.b4 a3 15.Bc3 Ra4
16.c5 Qa6 17.Qe3 b6 18.d4 bxc5 19.bxc5 Bd8 20.Nb3 Bc7 21.Rfd1 Qa8 22.Bf1 g6
23.Bd3 Ra7 24.Nd2 Rb8 25.Rxb8+ Qxb8 26.Rb1 Qa8 27.Rb3 Rb7 28.Rxb7 Qxb7 29.Nb1 Qa7
30.Qc1 Ne4 31.Bb4 Qa4 32.Qxa3 Qd1+ 33.Kg2 Bxf4 34.gxf4 Qg4+ 35.Kf1 Qxf4 36.Be1 Ndf6
37.h3 Qf3 38.Bxe4 Qxe4 39.Qb4 Qd3+ 40.Kg1 Ne4 41.Nd2 Nc3 42.Qb8+ Kg7 43.Qe5+ Kg8
44.Qe3 Qc2 45.Nf3 Ne2+ 46.Kf1 Nc1 47.Bd2 Qd1+ 48.Kg2 Ne2 49.Qb3  1-0

[Event "PanAmY U18B"]
[Site "Balneario Camboriu BRA"]
[Date "2005.06.12"]
[Round "2"]
[White "Choma,E"]
[Black "Ruiz,Se"]
[Result "1-0"]
[WhiteElo "2281"]
[BlackElo "2082"]

1.Nf3 d5 2.c4 c6 3.g3 Bg4 4.Ne5 Bf5 5.Bg2 Nf6 6.cxd5 cxd5 7.Qb3 Nc6 8.Nxc6 bxc6
9.d4 e6 10.Nc3 Bd6 11.Qa4 Qb6 12.O-O O-O 13.b3 e5 14.dxe5 Bxe5 15.Bb2 Rfe8
16.e3 Ne4 17.Nd1 Nd2 18.Bxe5 Rxe5 19.Qf4 Rae8 20.Re1 Be4 21.Nc3 Rf5 22.Qg4 h5
23.Qh3 g6 24.Nxe4 dxe4 25.Red1 Qa5 26.Qh4 Re6 27.b4 Qd5 28.Rac1 Qd3 29.h3 Kg7
30.g4 g5 31.gxf5 gxh4 32.fxe6 fxe6 33.Bxe4 Qxe4 34.Rxd2 Qxb4 35.Rd4 Qb5 36.a4 Qf5
37.Kg2 e5 38.Rd6 Qe4+ 39.Kg1 Qxa4 40.Rcxc6 Kf7 41.Rc7+ Ke8 42.Rh6 Kd8 43.Rg7 Qe8
44.Rxa7  1-0

[Event "La Palma Rapid Open"]
[Site "Brena Baja ESP"]
[Date "2005.06.12"]
[Round "6"]
[White "Mirzoev,A"]
[Black "Peralta,Fe"]
[Result "1/2-1/2"]
[WhiteElo "2545"]
[BlackElo "2556"]

1.Nf3 d5 2.c4 c6 3.e3 Bg4 4.h3 Bxf3 5.Qxf3 e6 6.b3 Nf6 7.Bb2 Nbd7 8.Qd1 Bd6
9.Be2 O-O 10.O-O e5 11.d4 exd4 12.Bxd4 dxc4 13.Bxc4 Ne5 14.Be2 Qe7 15.Qc2 Ng6
16.Nd2 Be5 17.Nf3 Bxd4 18.Nxd4 Qe5 19.Rac1 Rad8 20.Rfd1 Rd7 21.Nf3 Rxd1+
22.Rxd1 Qa5 23.Qd2 Qxd2 24.Rxd2 Rc8 25.Kf1 Kf8 26.Ke1 c5 27.Bc4 Ke7 28.a4 b6
29.g4 Ne4 30.Rd1 Nd6 31.Bd5 f6 32.h4 Nf8 33.Nd2 Ng6 34.Nf3 Nf8 35.h5 Ne6
36.Nd2 Nc7 37.Bg2 a6 38.f4 g6 39.Ne4 Nce8 40.Nc3 Nc7 41.Ke2 b5 42.Rh1 g5
43.Ne4 Ne6 44.fxg5 Nxe4 45.Bxe4 Nxg5 46.Bb7 Rb8 47.Bxa6 bxa4 48.bxa4 Ne4
49.Rc1 Kd6 50.Bb5 Ke5 51.Kf3 Rd8 52.Bc6 Nd2+ 53.Kg3 c4 54.a5 Rd3 55.Kf2 Ra3
56.Rc2 c3 57.Ke2 Nc4 58.a6 Rxa6 59.Bb5 Na3 60.Rxc3 Nxb5 61.Rc5+ Ke4 62.Rxb5 Ra2+
63.Kf1 Kf3 64.Rf5+ Kxg4 65.Rxf6 Kxh5 66.Rf7 h6 67.Rg7 Kh4 68.e4 h5 69.e5 Ra5
70.Re7 Kg5 71.Kg2 Kf5 72.Rh7 Rxe5 73.Rxh5+  1/2-1/2

[Event "La Palma Rapid Open"]
[Site "Brena Baja ESP"]
[Date "2005.06.12"]
[Round "8"]
[White "Miton,K"]
[Black "Khenkin,I"]
[Result "0-1"]
[WhiteElo "2592"]
[BlackElo "2610"]

1.Nf3 d5 2.c4 d4 3.g3 g6 4.Bg2 Bg7 5.d3 e5 6.O-O Ne7 7.Nbd2 O-O 8.b4 a5 9.bxa5 Nec6
10.Nb3 Nxa5 11.Nxa5 Rxa5 12.Bd2 Ra7 13.a4 Bd7 14.Ne1 Bc6 15.Qb3 Re8 16.Nc2 Bxg2
17.Kxg2 e4 18.a5 Nc6 19.Nb4 Nxa5 20.Rxa5 Rxa5 21.Nc6 bxc6 22.Bxa5 Qc8 23.f3 exd3
24.exd3 Bh6 25.Re1 Be3 26.Re2 g5 27.h3 h5 28.Qb1 g4 29.hxg4 hxg4 30.fxg4 Qxg4
31.Qf1 Re5 32.Bd2 Rf5 33.Bxe3 Rxf1 34.Kxf1 dxe3 35.Rxe3 f5 36.Kf2 Kf7 37.Rf3 Ke6
38.Re3+ Kd6 39.Rf3 Ke5 40.Ke3 Qd4+ 41.Ke2 Qb2+ 42.Ke3 Qc1+ 43.Ke2 c5 44.Rf4 Qg1
45.Rf3 Kd4 46.Rf4+ Kc3 47.Rxf5 Qg2+ 48.Ke3 Qxg3+ 49.Rf3 Qxf3+  0-1

[Event "Open"]
[Site "Mielo POL"]
[Date "2005.06.12"]
[Round "3"]
[White "Panocki,A"]
[Black "Szymanski,A2"]
[Result "0-1"]
[WhiteElo "2160"]
[BlackElo "2257"]

1.Nf3 d5 2.c4 e6 3.b3 Nf6 4.Bb2 Be7 5.e3 c5 6.cxd5 exd5 7.d4 O-O 8.Bd3 Bg4
9.dxc5 Bxc5 10.Nbd2 Nc6 11.Rc1 Bd6 12.O-O Re8 13.h3 Bh5 14.Be2 Qe7 15.Nh4 Bg6
16.Nxg6 hxg6 17.Nf3 Rad8 18.Bb5 Qe6 19.Re1 Bb8 20.Nd4 Qd6 21.g3 Ne4 22.Qf3 Ne5
23.Qg2 Re7 24.Red1 Qb6 25.Be2 Qa5 26.a3 a6 27.b4 Qa4 28.b5 Nc4 29.Nc6 bxc6
30.Rxc4 Qxb5 31.Rxe4 Qxe2 32.Rxe7 Qxd1+ 33.Qf1 Qb3 34.Qa1 Bd6 35.Ra7 Qb6
36.Bf6 gxf6 37.Qxf6 Qxa7 38.Qxd8+ Bf8 39.h4 Qe7 40.Qb6 c5 41.Qxa6 c4 42.a4 c3
43.Qd3 Qc5 44.Qc2 Bg7 45.g4 d4 46.h5 gxh5 47.exd4 Qxd4 48.gxh5 Qg4+ 49.Kf1 Qxh5
50.Ke1 Qe5+ 51.Kd1 Qd4+ 52.Kc1 Qb4 53.Qa2 Qb2+ 54.Qxb2 cxb2+ 55.Kc2 Bd4 56.f3 Kg7  0-1

[Event "III Open"]
[Site "Bajada de la Virgen ESP"]
[Date "2005.06.14"]
[Round "3"]
[White "Roeder,M"]
[Black "Vega Gutierrez,B"]
[Result "1-0"]
[WhiteElo "2404"]
[BlackElo "2091"]

1.Nf3 d5 2.c4 c6 3.e3 Nf6 4.Qc2 Nbd7 5.cxd5 cxd5 6.Nc3 a6 7.g4 e6 8.g5 Ng8
9.h4 b6 10.d4 Bb7 11.Bd2 Ne7 12.Bd3 Nc6 13.a3 Rc8 14.Bxh7 g6 15.Bxg6 fxg6
16.Qxg6+ Ke7 17.h5 Qe8 18.Nh4 Kd8 19.Qxe8+ Kxe8 20.Ng6 Rh7 21.f4 Bd6 22.Ke2 Ne7
23.Nxe7 Kxe7 24.Rag1 Rg8 25.Nd1 Rgh8 26.h6 Rg8 27.g6 Rhh8 28.Bb4 Bxb4 29.axb4 Bc6
30.Nf2 Nf6 31.Kf3 Be8 32.g7 Rh7 33.Rg5 Bf7 34.Ng4 Nxg4 35.Rxg4 Kf6 36.Rgg1 Rc8
37.e4 dxe4+ 38.Kxe4 Bg6+ 39.Ke3 Bf7 40.Ra1 Ra8 41.Rac1 Kg6 42.f5+ exf5 43.Rc6+ Kg5
44.Rg1+ Kh5 45.Rc2 Re8+ 46.Kf4  1-0

[Event "Open"]
[Site "Voronezh RUS"]
[Date "2005.06.14"]
[Round "3"]
[White "Chukhno,I"]
[Black "Sudarikov,S"]
[Result "1-0"]
[WhiteElo "2292"]
[BlackElo "2187"]

1.Nf3 d5 2.c4 c6 3.cxd5 cxd5 4.d4 Nf6 5.Nc3 Nc6 6.Bf4 e6 7.e3 Bd6 8.Bd3 Bxf4
9.exf4 Qb6 10.a3 Bd7 11.Na4 Qc7 12.g3 O-O 13.O-O Rfc8 14.Rc1 Qa5 15.Bc2 Ne4
16.b4 Qd8 17.Nc5 Nxc5 18.dxc5 Qf6 19.Qd3 g6 20.Rfe1 a5 21.b5 Ne7 22.Ne5 Be8
23.Ba4 Nf5 24.g4 Ng7 25.Qg3 Qe7 26.Qe3 h5 27.h3 f6 28.Nf3 Bd7 29.Qd4 Qf7
30.Kg2 hxg4 31.hxg4 e5 32.fxe5 Ne6 33.Qe3 g5 34.exf6 Qxf6 35.Qe5 Rf8 36.Qxf6 Rxf6
37.Ne5 Nf4+ 38.Kg3 Be6 39.c6 bxc6 40.Rxc6 Rh6 41.f3 Rh3+ 42.Kf2 Rh2+ 43.Kg1 Rg2+
44.Kf1 Ra2 45.b6 Kg7 46.b7 Rh8 47.Bc2 Rb2 48.Rc7+ Kf6 49.Bh7 d4 50.Nd7+ Ke7
51.b8=Q Rhxb8 52.Nxb8+ Kd6 53.Na6 Rb6 54.Rxe6+ Kxe6 55.Ra7  1-0

[Event "Open"]
[Site "Voronezh RUS"]
[Date "2005.06.15"]
[Round "4"]
[White "Sudarikov,S"]
[Black "Fokin,St"]
[Result "0-1"]
[WhiteElo "2187"]
[BlackElo "2158"]

1.Nf3 d5 2.c4 e6 3.e3 c5 4.cxd5 exd5 5.d4 Nc6 6.Nc3 Nf6 7.Bb5 a6 8.Be2 Bd6
9.O-O O-O 10.b3 Re8 11.Bb2 b5 12.dxc5 Bxc5 13.Rc1 Qd6 14.Nxb5 axb5 15.Bxf6 Ba3
16.Bxb5 Bxc1 17.Qxc1 Bd7 18.Bb2 f6 19.a4 Ne5 20.Nd4 Ng4 21.g3 Rec8 22.Qd1 Ne5
23.Qh5 Bg4 24.Qh4 g5 25.Qh6 Nf7 26.Nf5 Bxf5 27.Qxf6 Qxf6 28.Bxf6 h6 29.h4 Bc2
30.hxg5 Nxg5 31.f4 Ne4 32.Bd4 Bxb3 33.Bd7 Rc2 34.Rb1 Nd2 35.Be6+ Kf8 36.Rxb3 Nxb3
37.Bxd5  0-1

[Event "Open"]
[Site "Voronezh RUS"]
[Date "2005.06.15"]
[Round "4"]
[White "Kachar,V"]
[Black "Semenova,In"]
[Result "1-0"]
[WhiteElo "2330"]
[BlackElo "2128"]

1.Nf3 d5 2.c4 e6 3.g3 c5 4.cxd5 exd5 5.d4 Nc6 6.Bg2 Nf6 7.Nc3 Be7 8.O-O O-O
9.dxc5 Bxc5 10.Bg5 d4 11.Bxf6 Qxf6 12.Nd5 Qd8 13.Nd2 Re8 14.Rc1 Bb6 15.Nf4 Qf6
16.Ne4 Qe5 17.a3 Bf5 18.Nd2 Rad8 19.Nc4 Qe7 20.Re1 Be4 21.Bxe4 Qxe4 22.Qd3 Bc7
23.Qxe4 Rxe4 24.Nd3 Bd6 25.Rc2 Bf8 26.Nd2 Re6 27.Nf3 f6 28.Rd1 Kf7 29.Kg2 Re4
30.Nc1 g5 31.Nd2 Re6 32.Ndb3 f5 33.Rc4 b5 34.Rc2 Kg6 35.Nd3 Rde8 36.Re1 Ne7
37.Nxd4 Rb6 38.Ne5+ Kg7 39.Rc7 Kg8 40.Nd7 Rd6 41.Nxb5  1-0

[Event "Marx Gyorgy Open"]
[Site "Paks HUN"]
[Date "2005.06.17"]
[Round "4"]
[White "Paschall,W"]
[Black "Balazs,G2"]
[Result "1-0"]
[WhiteElo "2400"]
[BlackElo "2142"]

1.Nf3 d5 2.c4 e6 3.d4 Nf6 4.Nc3 dxc4 5.e3 Bb4 6.Bxc4 c5 7.O-O cxd4 8.exd4 O-O
9.Bg5 a6 10.a3 Be7 11.Ba2 b5 12.d5 Nxd5 13.Bxd5 exd5 14.Bxe7 Qxe7 15.Nxd5 Qd6
16.Re1 Kh8 17.Ng5 Qg6 18.h4 h6 19.Ne7 Qf6 20.Qd5 Ra7 21.Qc5 Rxe7 22.Rxe7 hxg5
23.Rc7 Qd8 24.Rc1 Be6 25.hxg5 Nd7 26.Qe3 Re8 27.Qd2 Ne5 28.Qxd8 Rxd8 29.Re1 Nc4
30.g6 Rf8 31.gxf7 Rxf7 32.Rc6 Bd5 33.Rxa6 Rf6 34.Rxf6 gxf6 35.Re8+ Kg7 36.Rb8 Bc6
37.Rc8 Bd5 38.Rc5 Be4 39.Rxb5 Kf7 40.f3 Bd3 41.Kf2 Ke6 42.g4 Kd6 43.f4 Ke6
44.a4 Nd6 45.Rb8 Kd5 46.b4 Ke4 47.Rb6 Kd5 48.a5  1-0

[Event "Open"]
[Site "Voronezh RUS"]
[Date "2005.06.19"]
[Round "7"]
[White "Chukhno,I"]
[Black "Rudnev,Y"]
[Result "1-0"]
[WhiteElo "2292"]
[BlackElo "2124"]

1.Nf3 d5 2.c4 c6 3.cxd5 cxd5 4.d4 Nf6 5.Nc3 Nc6 6.Bf4 Bf5 7.e3 e6 8.Ne5 Nd7
9.Nxc6 bxc6 10.Be2 Be7 11.O-O O-O 12.Rc1 c5 13.Nb5 Qa5 14.dxc5 Bxc5 15.a3 Qd8
16.b4 Bb6 17.Bd6 Re8 18.Bc7 Qf6 19.Bxb6  1-0

[Event "6th EICC"]
[Site "Warsaw POL"]
[Date "2005.06.22"]
[Round "5"]
[White "Evdokimov,Alexa"]
[Black "Warakomski,T"]
[Result "1/2-1/2"]
[WhiteElo "2503"]
[BlackElo "2384"]

1.Nf3 d5 2.c4 dxc4 3.e3 Nf6 4.Bxc4 e6 5.O-O c5 6.d4 a6 7.Bb3 Nc6 8.Nc3 cxd4
9.exd4 Be7 10.Bg5 O-O 11.Re1 Na5 12.Bc2 b5 13.Ne5 Bb7 14.Qd3 g6 15.Qh3 Rc8
16.Rac1 Nh5 17.Bh6 Bg5 18.Bxf8 Bxc1 19.Rxc1 Qxf8 20.Qe3 Qb4 21.Nd3 Qe7 22.Bd1 Nc4
23.Qh6 Ng7 24.b3 Nb6 25.Nc5 Nf5 26.Qd2 Rd8 27.Nxb7 Qxb7 28.Bf3 Qe7 29.Ne2 e5
30.Qa5 Rd6 31.dxe5 Qxe5 32.g3 Nd5 33.Rd1 Nb4 34.Rc1 Nd4 35.Nxd4 Qxd4 36.Rf1 Nd3
37.Bg2 b4 38.Qg5 Kg7 39.Qd2 Qc5 40.Qe2 Qc3 41.h4 h5 42.Qe3 Rf6 43.Qe4 a5
44.Qd5 Rf5 45.Qd8 Rf6 46.Qd5 Rf5 47.Qd8 Rf6  1/2-1/2

[Event "III Summer"]
[Site "Alushta UKR"]
[Date "2005.06.24"]
[Round "8"]
[White "Tolstikh,N"]
[Black "Zinchenko,Ya"]
[Result "1/2-1/2"]
[WhiteElo "2375"]
[BlackElo "2460"]

1.Nf3 d5 2.c4 e6 3.g3 dxc4 4.Qa4+ Nd7 5.Qxc4 a6 6.a4 b5 7.Qc2 Bb7 8.Bg2 Ngf6
9.O-O c5 10.axb5 axb5 11.Rxa8 Qxa8 12.Na3 Qa6 13.d3 Be7 14.Qb3 Bc6 15.Bg5 O-O
16.Nd2 Bxg2 17.Kxg2 Rb8 18.Ra1 h6 19.Bf4 e5 20.Be3 Qc6+ 21.Kg1 Nd5 22.Nc2 Kh8
23.Ra7 f5 24.Nf3 c4 25.dxc4 bxc4 26.Qa4 Qxa4 27.Rxa4 Rxb2 28.Rxc4 g5 29.Kg2 f4
30.gxf4 gxf4 31.Bc1 Ra2 32.e4 N5b6 33.Rc3 Bd6 34.Ba3 Rxc2 35.Rxc2 Bxa3 36.Rc6 Kg7
37.Nxe5 Nxe5 38.Rxb6 Be7 39.Ra6 Bf6 40.Ra3 Kg6 41.Rb3 Be7 42.Rb5 Bf6 43.Kh3 h5
44.Kg2 Kg5 45.f3 Kg6 46.Kf2 Nc4 47.Kg2 Ne5 48.Kf2 Nc6 49.Kg2 Nd4 50.Rd5 Nc2
51.Kf2 Bd4+ 52.Ke2 Bg1 53.h4 Nd4+ 54.Kf1 Be3 55.Kg2 Ne6 56.Rd6 Kf6 57.Rd5 Ng7
58.Rd6+ Ke7 59.Rd5 Bb6 60.Kh3 Ke6 61.Rg5 Bd4 62.Ra5 Kf6 63.Ra6+ Ne6 64.Ra5 Be5
65.Ra6 Bc7 66.Ra8 Bd8 67.Rb8 Be7 68.Rh8 Kg6 69.Re8 Kf7 70.Rh8 Ng7 71.Rh6 Bf6
72.Rh8 Kg6 73.Rg8 Be7 74.Ra8 Ne6 75.Rg8+ Ng7 76.Ra8 Kf6 77.Rh8 Kf7 78.Ra8 Bf8
79.Ra5 Kf6 80.Ra8 Ne6 81.Ra5 Bc5 82.Ra8 Bf2 83.Rh8 Kg6 84.Rg8+ Kh7 85.Rg2 Bg3
86.Rd2 Nf8 87.Rd5 Kh6 88.Rd6+ Ng6 89.Rc6 Bf2 90.Rd6 Bc5 91.Ra6 Be7 92.Rb6 Kg7
93.Rb5 Kh6 94.Rb6 Bc5 95.Rc6 Bf2 96.Rd6 Bg3 97.Ra6 Kg7 98.Ra7+ Kf8 99.Ra5 Nxh4
100.Rxh5 Nxf3 101.Rf5+ Ke7 102.Rxf4 Bxf4 103.Kg4 Ne5+ 104.Kxf4  1/2-1/2

[Event "6th Kurass Memorial"]
[Site "Kiev UKR"]
[Date "2005.06.26"]
[Round "6"]
[White "Matorin,E"]
[Black "Sorokin,Vl"]
[Result "1-0"]
[WhiteElo "2311"]
[BlackElo "2131"]

1.Nf3 d5 2.c4 d4 3.e3 c5 4.b4 dxe3 5.fxe3 cxb4 6.d4 Bg4 7.Qa4+ Qd7 8.Qb3 Bxf3
9.gxf3 Nc6 10.Bd2 e5 11.d5 Na5 12.Qb2 Qd6 13.a3 bxa3 14.Qb5+ Nc6 15.dxc6 bxc6
16.Qa4 Be7 17.h4 Bf6 18.Rxa3 Ne7 19.Rd3 Qc7 20.Ba5 Qb7 21.Rb3 Qd7 22.Bh3 Bxh4+
23.Ke2 f5 24.Rd1 Qe6 25.c5 Qg6 26.Qxh4 Nd5 27.Kf2 O-O 28.Nc3 f4 29.e4 Ne3
30.Rd6 Qe8 31.Bd7  1-0

[Event "6th EICC"]
[Site "Warsaw POL"]
[Date "2005.06.30"]
[Round "12"]
[White "Ibrahimov,R"]
[Black "Dziuba,M"]
[Result "1-0"]
[WhiteElo "2511"]
[BlackElo "2429"]

1.Nf3 d5 2.c4 c6 3.e3 Nf6 4.Nc3 e6 5.b3 b6 6.Qc2 Bb7 7.d4 Nbd7 8.Bd3 Bd6
9.O-O O-O 10.e4 dxe4 11.Nxe4 Nxe4 12.Bxe4 f5 13.Bd3 c5 14.d5 Ne5 15.Ng5 Qf6
16.Nxe6 Nxd3 17.Qxd3 Qxa1 18.Bf4 Qf6 19.Bxd6 Rfe8 20.Qg3 Rxe6 21.dxe6 Qxe6
22.Be5 Qd7 23.h3 Re8 24.Kh2 Re7 25.Re1 Rf7 26.Re3 Be4 27.f3 Bc6 28.Re2 Qd3
29.Qf2 Qd8 30.Rd2 Rd7 31.Qg3 Qe7 32.Rxd7 Bxd7 33.Bc3 Be8 34.Qb8 Kf7 35.Be5 a5
36.Bd6 Qd7 37.Bc7 b5 38.Qa7 bxc4 39.bxc4 Qc6 40.Bd6+ Kg6 41.Qe7 Bf7 42.Bxc5 Bxc4
43.Bd4 Bf7 44.Qe5  1-0

[Event "Open A"]
[Site "Klatovy CZE"]
[Date "2005.07.02"]
[Round "1"]
[White "Vlcek,M"]
[Black "Hasek,V"]
[Result "0-1"]
[WhiteElo "1887"]
[BlackElo "2117"]

1.Nf3 d5 2.c4 c6 3.g3 Nf6 4.Bg2 Bf5 5.O-O e6 6.d4 Nbd7 7.Qb3 Qb6 8.Qxb6 axb6
9.Nbd2 Bb4 10.cxd5 exd5 11.Nb3 O-O 12.a3 Bd6 13.Bf4 Be7 14.Ne5 Bc2 15.Nd2 b5
16.Rac1 Bf5 17.Nxd7 Nxd7 18.e4 dxe4 19.Nxe4 Nb6 20.Nd6 Bxd6 21.Bxd6 Rfe8
22.d5 cxd5 23.Rc5 Bd3 24.Rfc1 Bc4 25.b3 Bxb3 26.Rxb5 Rac8 27.Rxc8 Nxc8 28.Rxb3 Re1+
29.Bf1 Nxd6 30.Rb6 Re6 31.Bh3 f5 32.Kf1 Kf7 33.Bg2 Ne4 34.Rxb7+ Kf6 35.Bxe4 dxe4
36.Ra7 h5 37.a4 g5 38.h3 f4 39.Ra8 Rc6 40.gxf4 gxf4 41.Kg2 Kg5 42.a5 f3+
43.Kh2 Rc2 44.a6 Rxf2+ 45.Kg1 Ra2 46.a7 Kh4 47.Re8 Rxa7 48.Rxe4+ Kg3  0-1

[Event "2nd RUS Pupils Summer Boys"]
[Site "Satka RUS"]
[Date "2005.07.03"]
[Round "6"]
[White "Mozharov,M"]
[Black "Matsenko,S"]
[Result "1/2-1/2"]
[WhiteElo "2272"]
[BlackElo "2284"]

1.Nf3 d5 2.c4 c6 3.e3 Nf6 4.Qc2 e6 5.b3 Nbd7 6.Bb2 Be7 7.g4 h6 8.Rg1 b6 9.h4 Bb7
10.g5 hxg5 11.hxg5 Ne4 12.Bxg7 Rg8 13.Bh6 Qc7 14.cxd5 exd5 15.Nc3 Nxc3 16.Qxc3 O-O-O
17.Bh3 Kb8 18.d4 a5 19.O-O-O Bb4 20.Qc2 Ka7 21.Kb1 c5 22.g6 fxg6 23.Be6 Rh8
24.Bf4 Qc6 25.Bxd7 Qxd7 26.Ne5 Qe8 27.dxc5 Bxc5 28.Qxg6 d4 29.Qxe8 Rhxe8
30.Rg7 Ka6 31.Nd7 dxe3 32.Bxe3 Bxe3 33.fxe3 Bc6 34.Rd6  1/2-1/2

[Event "2nd RUS Pupils Summer Girls"]
[Site "Satka RUS"]
[Date "2005.07.03"]
[Round "6"]
[White "Savina,A"]
[Black "Gunina,V"]
[Result "1/2-1/2"]
[WhiteElo "1984"]
[BlackElo "2340"]

1.Nf3 d5 2.c4 c6 3.e3 Nf6 4.Qc2 e6 5.b3 Be7 6.Bb2 O-O 7.Nc3 b6 8.d4 Bb7 9.Bd3 Nbd7
10.O-O h6 11.Rad1 Rc8 12.e4 dxe4 13.Nxe4 Nxe4 14.Bxe4 Qc7 15.c5 Rcd8 16.b4 Ba6
17.Bh7+ Kh8 18.Bd3 Bxd3 19.Rxd3 b5 20.Ra3 Nf6 21.Ne5 Nd5 22.Qb3 Bf6 23.Nf3 Rd7
24.g3 Rfd8 25.Ra5 Ne7 26.a4 bxa4 27.Qxa4 Nf5 28.Ra6 Bxd4 29.Bxd4 Nxd4 30.Nxd4 Rxd4
31.Rxa7 Rxb4 32.Rxc7 Rxa4 33.Rc1 Kg8 34.Rxc6 Ra2 35.Rc3 e5 36.Rd6 Rxd6 37.cxd6 Rd2
38.Rc8+ Kh7 39.Rc7 Kg6 40.d7 Kf6 41.h4 Ke6 42.Kg2 Rxd7 43.Rc4 Kf5 44.Kf3 h5
45.Ke3 Ra7 46.Kf3 f6 47.Rb4 Rd7 48.Ke3 Rd1 49.Ra4 Re1+ 50.Kf3 e4+ 51.Kg2 Re2
52.Ra7 Kg6 53.Ra4 Re1 54.Ra6 Rd1 55.Ra4 Re1 56.Ra6 Re2 57.Ra4 e3 58.Kf3 Rxf2+
59.Kxe3 Rf5 60.Rb4 Ra5 61.Kf4 Ra3 62.Rc4 Kh6 63.Rc6 Ra1 64.Kf3 Kg6 65.Rc5 Rf1+
66.Kg2 Rf5 67.Rc7 Kh7 68.Ra7 Re5 69.Kf3 Kg8 70.Kf4 Kf8 71.Kf3 Re7 72.Ra5 g6
73.Ra6 Kf7 74.Kf4 Rd7 75.Ke4 Ke7 76.Rb6 Rd6 77.Rb4 Ke6 78.Ra4 Rb6 79.Rd4 Rb3
80.Kf4 Rc3 81.Ra4 Kd5 82.Ra6 Rc4+ 83.Kf3 Ke5 84.Ra5+ Kd4 85.Ra6 Rc1 86.Rd6+ Ke5
87.Ra6 Rc3+ 88.Kf2 Rd3 89.Ra4 Rd4 90.Ra6 Kf5 91.Ke3 Rb4 92.Kf3 Rb3+ 93.Kg2 Rb5
94.Kf3 Rd5 95.Ra4 g5 96.hxg5 fxg5 97.Rb4 Rd3+ 98.Kg2 Rd2+ 99.Kg1 Re2 100.Kf1 Re4
101.Rb2 Kg4 102.Kg2 Ra4 103.Rc2 Re4 104.Ra2 Kf5 105.Kf3 g4+ 106.Kf2 Re5 107.Ra4 Rd5
108.Ke3 Kg5 109.Kf2 Rb5 110.Rc4 Kf5 111.Ra4 Rb2+ 112.Kf1 Ke5 113.Kg1 Rd2
114.Ra5+ Rd5 115.Ra4 Kd6 116.Kf2 Rd2+ 117.Kg1 Kc6 118.Kf1 Kd5 119.Kg1 Rc2
120.Ra5+ Rc5 121.Ra4 Kc6 122.Kf2 Kb5 123.Rf4 Re5 124.Kg1 Kc5 125.Ra4 Kd5
126.Kf2 Rf5+ 127.Kg2 Ke5 128.Kg1 Rf8 129.Kg2 Rd8 130.Kg1 Rd4 131.Ra5+ Ke4
132.Rxh5 Rd5 133.Rh7 Kf3 134.Rf7+ Ke3 135.Re7+ Kd3 136.Kg2 Rd4 137.Kf2 Rd8
138.Rg7 Rd4 139.Re7  1/2-1/2

[Event "34th TCh-GRE"]
[Site "Ermioni Argolidas GRE"]
[Date "2005.07.07"]
[Round "4"]
[White "Nikolaou,G"]
[Black "Karayannis,A"]
[Result "1/2-1/2"]
[WhiteElo "2288"]
[BlackElo "2387"]

1.Nf3 d5 2.c4 c6 3.b3 Nf6 4.Bb2 g6 5.g3 Bg7 6.Bg2 O-O 7.d3 Bg4 8.Nbd2 a5
9.O-O dxc4 10.Nxc4 Na6 11.Qd2 Nc5 12.Bc3 a4 13.b4 Bxf3 14.Bxf3 Ne6 15.Qb2 Nc7
16.Be5 Nb5 17.Na3 Nxa3 18.Qxa3 Ne8 19.Bxg7 Nxg7 20.Qc3 Nf5 21.e3 Nd6 22.d4 e6
23.Qc5 Qe7 24.Be2 Rfe8 25.Rfd1 Rad8 26.Rac1 Qf6 27.Qe5 Qe7 28.Qc5 Qf6 29.Qe5 Qxe5
30.dxe5 Nc8 31.b5 Na7 32.bxc6 Nxc6 33.Bb5 Rxd1+ 34.Rxd1 Rc8 35.Rc1 Rd8 36.Bxc6 bxc6
37.Rc4 Rd5 38.Rxa4 Rxe5 39.Rc4 Ra5 40.Rxc6 Rxa2 41.g4 h6 42.Kg2 Kg7 43.Kg3 Ra1
44.h3 Kf6 45.Rc7 g5 46.Rb7 Kg6 47.Rc7 Rg1+ 48.Kh2 Rb1 49.Kg3 Rb6 50.Rc8 f5
51.gxf5+ exf5 52.Rg8+ Kf6 53.Rf8+ Kg6 54.Rg8+ Kf7 55.Rh8 Re6 56.Rb8  1/2-1/2

[Event "34th TCh-GRE"]
[Site "Ermioni Argolidas GRE"]
[Date "2005.07.07"]
[Round "4"]
[White "Grivas,E"]
[Black "Kapnisis,S"]
[Result "1/2-1/2"]
[WhiteElo "2515"]
[BlackElo "2420"]

1.Nf3 d5 2.c4 d4 3.g3 g6 4.Bg2 Bg7 5.O-O e5 6.d3 Ne7 7.e3 dxe3 8.fxe3 e4
9.dxe4 Qxd1 10.Rxd1 Bg4 11.Nbd2 Nbc6 12.h3 Be6 13.Rb1 Nb4 14.a3 Nd3 15.Ne1 O-O-O
16.Nxd3 Rxd3 17.Re1 Rhd8 18.Nf3 Nc6 19.Bf1 Rd1 20.Kf2 a5 21.g4 a4 22.Rxd1 Rxd1
23.Be2 Rd8 24.Bd2 Ne5 25.Bc3 Nxf3 26.Bxg7 Nd2 27.Rc1 Nxe4+ 28.Ke1 f6 29.Bf3 Nc5
30.Ke2 Nd7 31.Bd5 Bxd5 32.cxd5 g5 33.Rf1 Nc5 34.Rf5 Ne4 35.Kd3 Nd6 36.Rf2 Ne8
37.Bxf6 Nxf6 38.Rxf6 Rxd5+ 39.Kc3 Re5 40.Kd4 Rb5 41.Rf8+ Kd7 42.Rh8 Rxb2
43.Rxh7+ Kd6 44.Rh6+ Ke7 45.Rg6 Rb3 46.Rxg5 Rxa3 47.Ra5 Ra1 48.Kc4 Rb1 49.g5 Kd6
50.g6 Rg1 51.Rxa4  1/2-1/2

[Event "25th Ann Champions"]
[Site "Benasque ESP"]
[Date "2005.07.08"]
[Round "3"]
[White "Ubilava,E"]
[Black "Korneev,O"]
[Result "1/2-1/2"]
[WhiteElo "2519"]
[BlackElo "2594"]

1.Nf3 d5 2.c4 c6 3.cxd5 cxd5 4.d4 Nf6 5.Nc3 Nc6 6.Ne5 e6 7.e3 Nd7 8.f4 Ndxe5
9.fxe5 Be7 10.Bd3 O-O 11.O-O f5 12.Bd2 Bd7 13.Rc1 Rc8  1/2-1/2

[Event "4th Open"]
[Site "La Fere FRA"]
[Date "2005.07.08"]
[Round "9"]
[White "Housieaux,D"]
[Black "De Lagontrie,J"]
[Result "1-0"]
[WhiteElo "2329"]
[BlackElo "1988"]

1.Nf3 d5 2.c4 c6 3.d4 e6 4.g3 dxc4 5.Bg2 b5 6.Ne5 Bb7 7.Nc3 Qc8 8.a4 a6 9.O-O Nf6
10.e4 Be7 11.d5 exd5 12.exd5 cxd5 13.Nxd5 Nxd5 14.Bxd5 O-O 15.axb5 Bf6 16.Nxc4 Nd7
17.Nd6  1-0

[Event "ch-BEL"]
[Site "Aalst BEL"]
[Date "2005.07.09"]
[Round "8"]
[White "Duhayon,Y"]
[Black "Draftian,A"]
[Result "1/2-1/2"]
[WhiteElo "2230"]
[BlackElo "2206"]

1.Nf3 d5 2.c4 e6 3.g3 c5 4.cxd5 exd5 5.d4 Nc6 6.Bg2 Bg4 7.Nc3 Nf6 8.Ne5 cxd4
9.Nxg4 dxc3 10.Nxf6+ Qxf6 11.bxc3 Qxc3+ 12.Bd2 Qc4 13.O-O Be7 14.Rb1 O-O
15.Rxb7 Bf6 16.Qc1 Nd4 17.Qxc4 dxc4 18.Re1 Rab8 19.e3 Nb5 20.Rc1 Rxb7 21.Bxb7 Na3
22.Bb4 Bb2 23.Bxa3 Bxc1 24.Bxf8 Kxf8 25.Bd5 c3 26.Bb3 Ke7 27.Kf1 f6 28.Ke2 Kd6
29.h4 Kc5 30.h5 Kb4 31.Kd3 Bd2 32.g4 Ka3 33.Kc2 Be1 34.f3 Bd2 35.e4 Kb4 36.Bg8 h6
37.Bf7 a5 38.Kd3 Kc5 39.Bb3 Kb4 40.Bf7 Bc1 41.Be6 Bb2 42.Bf7 Kc5 43.Bb3 Kd6
44.Ba4 Ke5 45.Bb3 Kf4 46.Ke2 Kg5 47.Bc2 Ba1 48.Ke3 Bb2  1/2-1/2

[Event "34th TCh-GRE"]
[Site "Ermioni Argolidas GRE"]
[Date "2005.07.09"]
[Round "7"]
[White "Khetsuriani,B"]
[Black "Mastrovasilis,D"]
[Result "1/2-1/2"]
[WhiteElo "2382"]
[BlackElo "2563"]

1.Nf3 d5 2.c4 d4 3.g3 Nc6 4.Bg2 g6 5.b4 Bg7 6.b5 Nb8 7.Bb2 e5 8.d3 Ne7 9.O-O O-O
10.Nbd2 h6 11.a4 Nd7 12.Ba3 Re8 13.Ne1 Nf6 14.a5 Rb8 15.Nc2 Bf5 16.a6 b6
17.Bxe7 Qxe7 18.Ra4 h5 19.Nb4  1/2-1/2

[Event "27th Open"]
[Site "Oberwart AUT"]
[Date "2005.07.09"]
[Round "1"]
[White "Wais,M"]
[Black "Zawadzki,S"]
[Result "0-1"]
[WhiteElo "2075"]
[BlackElo "2396"]

1.Nf3 d5 2.c4 c6 3.cxd5 cxd5 4.d4 Nf6 5.Bf4 Nc6 6.Nc3 Bf5 7.e3 e6 8.Bd3 Bxd3
9.Qxd3 Be7 10.O-O O-O 11.Rac1 Qb6 12.Qb5 Rfc8 13.Ne5 Nh5 14.Qxb6 axb6 15.Nxc6 bxc6
16.Bg3 Nxg3 17.hxg3 Kf8 18.Rfd1 h5 19.Kf1 Ke8 20.Ke1 Kd7 21.Kd2 Bd6 22.Rc2 g6
23.Rdc1 e5 24.dxe5 Bxe5 25.b3 b5 26.Kd3 Rc7 27.Ne2 Kd6 28.Nd4 Bxd4 29.exd4 b4
30.Re1 Rcc8 31.Re3 Re8 32.Rf3 f5 33.Re3 Rxe3+ 34.Kxe3 Re8+ 35.Kd3 Re1 36.Re2 Rd1+
37.Rd2 Rg1 38.f3 g5 39.Ke3 Re1+ 40.Kd3 f4 41.gxf4 gxf4 42.Kc2 c5 43.dxc5+ Kxc5
44.Kb2 d4 45.a4 bxa3+ 46.Kxa3 Re3 47.Kb2 Kd5 48.Kc2 Rc3+ 49.Kb2 h4 50.Re2 h3
51.gxh3 Rxf3 52.Rh2 Rg3 53.Ka3 f3 54.h4 Rg2 55.Rh1 f2 56.Rf1 Ke4 57.Kb4 Ke3
58.Kc4 Rh2 59.b4 Rxh4  0-1

[Event "Summer Open"]
[Site "Alushta UKR"]
[Date "2005.07.10"]
[Round "9"]
[White "Tolstikh,N"]
[Black "Feoktistov,A"]
[Result "0-1"]
[WhiteElo "2384"]
[BlackElo "2424"]

1.Nf3 d5 2.c4 d4 3.g3 c5 4.b4 cxb4 5.a3 bxa3 6.Bxa3 Nc6 7.Bg2 g6 8.d3 Bg7
9.O-O h5 10.Nbd2 Nh6 11.Ne4 Qc7 12.Qa4 O-O 13.Rfb1 Rb8 14.Nfd2 Nf5 15.Nc5 Bh6
16.Ra2 Na5 17.Na6 bxa6 18.Rxb8 Qxb8 19.Qxa5 Qb6 20.Qa4 Qe6 21.Ne4 Bd7 22.Qb3 Qb6
23.Qc2 Rb8 24.Rb2 Qc7 25.Rxb8+ Qxb8 26.Bxe7 Nxe7 27.Nf6+ Kg7 28.Nxd7 Qb4
29.c5 a5 30.Qa2 a4 31.Bd5 Qb5 32.Bxf7 Qxd7 33.Qc4 Bd2 34.Be6 Qd8 35.Qxa4 a5
36.Qc4 Bc3 37.Qb5 Qa8 38.Bb3 Qc6 39.Qc4 Qf6 40.Kf1 Bd2 41.Qb5 Qc6 42.Qxc6 Nxc6
43.Ba4 Ne7 44.h4 Bb4 45.c6 Bd6 46.Kg2 Kf6 47.Kf3 Ke5 48.e3 dxe3 49.fxe3 Kd5
50.g4 Nxc6 51.Bb3+ Kc5 52.d4+ Kb4 53.Bf7 a4 54.Bxg6 a3 55.Bf7 hxg4+ 56.Kxg4 Na5
57.Ba2 Kc3 58.h5 Kb2 59.e4 Kxa2 60.e5 Bf8 61.e6 Nc4 62.Kg5 Kb3  0-1

[Event "25th Ann Champions"]
[Site "Benasque ESP"]
[Date "2005.07.10"]
[Round "5"]
[White "Ubilava,E"]
[Black "Komljenovic,D"]
[Result "0-1"]
[WhiteElo "2519"]
[BlackElo "2473"]

1.Nf3 d5 2.c4 d4 3.g3 Nc6 4.Bg2 e5 5.O-O Nf6 6.d3 Bg4 7.b4 Bxb4 8.Nxe5 Nxe5
9.Qa4+ Nc6 10.Bxc6+ bxc6 11.Qxb4 Nd7 12.Re1 c5 13.Qa5 O-O 14.Bf4 Rc8 15.Bc1 Re8
16.f3 Bf5 17.Na3 Re6 18.Nc2 Qe7 19.Qd2 Re8 20.Kf2 Ne5 21.Ba3 Qd6 22.Rab1 a6
23.Rb3 h6 24.Qa5 Nxc4 25.Qxc5 Nxa3 26.Qxa3 c5 27.Qb2 h5 28.Na3 h4 29.Nc4 Qe7
30.Rb7 Qg5 31.Rb8 hxg3+ 32.hxg3 Qh6 33.Rxe8+ Rxe8 34.Rg1 Be6 35.Qc1 Qh2+
36.Rg2 Qh5 37.Nd6 Rb8 38.Ne4 Rc8 39.g4 Qh4+ 40.Kg1 Qe7 41.Rh2 c4 42.Kg2 f5
43.Qh1 fxe4 44.Rh8+ Kf7 45.Qh5+ Kf6 46.dxe4 Qc5 47.Qh4+ Kf7 48.Rh5 Qe7 49.g5 c3
50.Rh7 Ke8 51.e5 Rc4 52.Rh8+ Kd7 53.Ra8 Kc6 54.Qe4+ Kb5 55.Rb8+ Ka5 56.Qf4 d3
57.Qe3 Qc5 58.Qxd3 Qxe5 59.Qd8+ Ka4 60.Qb6 Qxe2+ 61.Kg3 Qe5+ 62.Kg2 Qxg5+  0-1